| 000 | 02294nam0a2200421 4500 | ||
|---|---|---|---|
| 001 | RU\NLR\bibl\1183540 | ||
| 005 | 20260408201858.0 | ||
| 010 |
_a978-5-93957-194-4 _bВ пер. _9200 |
||
| 021 |
_aRU _b2007-87492 _94731 |
||
| 035 | _a(nilc)RSL-KNO-003370909 | ||
| 035 | _a(NLR Aleph) 001170130 | ||
| 090 |
_a1592075 _c1592075 |
||
| 100 | _a20071214d2007 |||y0rusy50 ca | ||
| 101 | 0 | _arus | |
| 102 | _aRU | ||
| 105 | _aa zzzz||||| | ||
| 200 | 1 |
_aКорневое питание растений _eмонография _fА. А. Федоров _gМ-во сельского хоз-ва Российской Федерации, ФГОУ ВПО "Приморская гос. с.-х. акад." |
|
| 210 |
_aУссурийск _cПГСХА _d2007 |
||
| 215 |
_a146, [1] с. _cил., табл. _d21 |
||
| 300 | _aНа 4-й с. обл. авт.: Федоров А.А. - д.с.-х.н., проф., чл.-корр МААО | ||
| 320 | _aБиблиогр.: с. 131-134 (56 назв.) | ||
| 600 | 1 |
_aВахмистров _bД.Б. _f1931 - 2001 _gДмитрий Борисович _92501919 _3RU\NLR\auth\661483826 |
|
| 606 |
_aСельскохозяйственные растения _xПитание _xВлияние удобрений _3RU\NLR\auth\661079383 _91749753 |
||
| 606 |
_aСельскохозяйственные растения _xКорневая система _xВлияние минерального питания _3RU\NLR\auth\661483825 _92501916 |
||
| 610 | 0 | _aБиологические науки -- Ботаника -- Физиология растений -- Обмен веществ и питание растений -- Минеральное питание -- Корневое питание растений и усвоение минеральных веществ | |
| 686 |
_aЕ573.161,0 _2rubbk |
||
| 686 | _aП127.316.1 | ||
| 686 | _aП040.162 | ||
| 686 | _aП04д(2)Вахмистров | ||
| 700 | 1 |
_4070 _8rus _7ca _aФедоров _bА. А. _cд-р с.-х. наук _f1937- _gАнатолий Александрович _3RU\NLR\auth\7764672 _947601 |
|
| 801 | 0 |
_aRU _bРКП _c20071214 _grcr |
|
| 801 | 1 |
_aRU _bРГБ _c20071214 |
|
| 801 | 2 |
_aRU _bNLR _c20080204 _grcr |
|
| 830 | _aавт. по кн. | ||
| 942 | _cBOOK | ||
| 980 | _aNB | ||
| 980 | _aNBR | ||